| 000 | 00362nam a2200145Ia 4500 | ||
|---|---|---|---|
| 008 | 150201s2007 xx 000 0 und d | ||
| 082 |
_a617.6 _bM2007G |
||
| 100 | _aGUPTA,HEMANT | ||
| 245 | _aMASTERING THE BDS 3RD YEAR | ||
| 250 | _a1ST | ||
| 260 |
_bJAYPEE MEDICAL PUBLISHER _aDELHI _c2007 |
||
| 300 | _a1-309 | ||
| 650 | _aGENERAL DENTISTRY | ||
| 942 |
_2ddc _cBK |
||
| 999 |
_c3844 _d3844 |
||